|
|
|
|
| LEADER |
00000nas a2200000 a 4500 |
| 001 |
ssj0018389 |
| 003 |
WaSeSS |
| 005 |
20200512172242.0 |
| 006 |
m d |
| 007 |
cr n |
| 008 |
850712d19842009mdumn p s bo 0 a0eng c |
| 010 |
|
|
|a sf 93096916
|z sn 86010812
|
| 016 |
7 |
|
|a 2184674-1
|2 DE-600
|
| 016 |
7 |
|
|a 009866962
|2 Uk
|
| 022 |
|
|
|l 0889-9371
|y 0889-9371
|
| 035 |
|
|
|a (WaSeSS)ssj0018389
|
| 040 |
|
|
|a BGU
|b eng
|c BGU
|d NSD
|d NST
|d PIT
|d NST
|d NSD
|d NST
|d NSD
|d NST
|d IUL
|d DLC
|d NSD
|d EYM
|d IUL
|d OCLCQ
|d OUN
|d UIU
|d IUL
|d WAU
|d OCLCQ
|d DEBBG
|d IUL
|d UKMGB
|d OCLCF
|d XFH
|d OCLCO
|d MNS
|d GILDS
|d OCLCO
|d OCLCQ
|d OCLCO
|d WaSeSS
|
| 042 |
|
|
|a nsdp
|a pcc
|
| 050 |
1 |
4 |
|a Z675.S3
|b S36
|
| 082 |
1 |
0 |
|a 027
|2 11
|
| 210 |
0 |
|
|a Sch. libr. media act. mon.
|
| 222 |
|
0 |
|a School library media activities monthly
|
| 245 |
0 |
0 |
|a School library media activities monthly
|h [electronic resource].
|
| 246 |
3 |
0 |
|a Media activities monthly
|
| 246 |
1 |
3 |
|a SLMAM
|
| 260 |
|
|
|a Baltimore, MD :
|b LMS Associates,
|c 1984-2009.
|
| 310 |
|
|
|a Monthly (except July and Aug.)
|
| 362 |
0 |
|
|a Vol. 1, no. 1 (Sept. 1984)-v. 25, no. 10 (June 2009).
|
| 500 |
|
|
|a Title from cover.
|
| 506 |
|
|
|a License restrictions may limit access.
|
| 650 |
|
0 |
|a School libraries
|v Periodicals.
|
| 650 |
|
0 |
|a Audio-visual library service
|v Periodicals.
|
| 650 |
|
0 |
|a Instructional materials centers
|v Periodicals.
|
| 650 |
|
0 |
|a Media programs (Education)
|v Periodicals.
|
| 650 |
|
7 |
|a Audio-visual library service.
|2 fast
|0 (OCoLC)fst00821059
|
| 650 |
|
7 |
|a Instructional materials centers.
|2 fast
|0 (OCoLC)fst00974324
|
| 650 |
|
7 |
|a Media programs (Education)
|2 fast
|0 (OCoLC)fst01013580
|
| 650 |
|
7 |
|a School libraries.
|2 fast
|0 (OCoLC)fst01107511
|
| 650 |
|
7 |
|a Schulbibliothek
|2 gnd
|
| 651 |
|
7 |
|a USA.
|2 swd
|
| 655 |
|
0 |
|a Electronic journals.
|
| 785 |
0 |
0 |
|t School library monthly
|w (DLC) 2009253039
|w (OCoLC)430226411
|
| 850 |
|
|
|a DLC
|a ICarbS
|a InU
|a MiU
|a NNC
|a NcU
|a PPD
|a PPiU
|
| 856 |
4 |
0 |
|z Full text available from Research Library: 10/01/2002 to 06/01/2009
|u https://search.proquest.com/publication/13101
|